| 000 | 00709cam a22002055a 4500 | ||
|---|---|---|---|
| 001 | L159325 | ||
| 008 | 160811s2015 xxk f 000 0 eng d | ||
| 020 | _a9780262331401 | ||
| 035 | _a(Sirsi) u159325 | ||
| 041 | 0 | _aeng | |
| 100 | 1 | _aPortney, Kent | |
| 245 | 0 | 0 |
_aSustainability _h[electronic resource] |
| 260 |
_aCambridge, Mass _bMit Press _c2015 |
||
| 520 | _aGuide to the meanings of sustainability including the evolution of the idea and its application in a variety of contemporary contexts. | ||
| 590 | _aKA | ||
| 651 | 4 | _aInternational | |
| 690 |
_aSustainability _96271 |
||
| 856 | 4 | 0 |
_uhttps://www.vlebooks.com/ _zView on VLEbooks. Logins for members only from [email protected] |
| 942 | _n0 | ||
| 999 |
_c115807 _d115807 |
||